Sobre la economía del estudio a distancia: un modelo de planeación y decisión para la valoración económica de sistemas de estudio a distancia

Sábháilte in:
Sonraí bibleagrafaíochta
Údair chorparáideacha: Secretaría Ejecutiva Permanente del Convenio Andres Bello (Údar), SECAB (Údar), Instituto Colombiano para el Fomento de la Educación Superior (Údar), ICFES (Údar), Programa de Producción e Intercambio de Materiales Educativos entre los Países del Convenio Andres Bello (Údar)
Formáid: LEABHAR
Teanga:Spáinnis
Foilsithe / Cruthaithe: Weinheim Julius Beltz 1982
Ábhair:
Clibeanna: Cuir clib leis
Níl clibeanna ann, Bí ar an gcéad duine le clib a chur leis an taifead seo!

MARC

LEADER 00000nam a2200000 a 4500
001 UCY7998
003 CL-VaPUC
008 950623e19820000GW |||||||||||||||||spa|d
082 0 4 |a 374.4  |b SEC  |2 21 
110 2 |a Secretaría Ejecutiva Permanente del Convenio Andres Bello  |e author  |9 339042 
710 2 |a SECAB  |e author  |9 339043 
710 2 |a Instituto Colombiano para el Fomento de la Educación Superior  |e author  |9 339044 
710 2 |a ICFES  |e author  |9 339045 
710 2 |a Programa de Producción e Intercambio de Materiales Educativos entre los Países del Convenio Andres Bello  |e author  |9 339046 
245 1 0 |a Sobre la economía del estudio a distancia: un modelo de planeación y decisión para la valoración económica de sistemas de estudio a distancia 
300 |a 141 p 
942 |c BK 
945 |d 19950623 00:00:00  |a mfernand 
260 |a Weinheim  |b Julius Beltz  |c 1982 
650 0 |a Educación a distancia   |9 308343 
650 0 |a Planificación de la educación   |9 307333 
650 0 |a Gestión educacional   |9 261035 
650 7 |a FINANCIACION DE LA EDUCACION  |2 CL-VaPUC  |9 309900 
650 7 |a EVALUACION ECONOMICA  |2 CL-VaPUC  |9 306196 
650 7 |a TELEVISION EDUCATIVA  |2 CL-VaPUC  |9 310717 
651 0 |a América Latina   |9 255027 
583 |a last modification  |c 19950623 00:00:00  |k Rodrigo Vera 
999 |c 235287  |d 235285 
952 |0 0  |1 0  |4 0  |6 374_400000000000000_SEC_1982  |7 0  |8 P  |9 242600  |a BIBEDU  |b BIBEDU  |c BIBEDU_PB  |d 2019-11-18  |i 1523880  |o 374.4 SEC 1982  |p 1523880  |r 2024-01-25  |w 2019-11-18  |y BK  |k EDU